Diario del conde de Pötting, embajador del Sacro Imperio en Madrid (1664-1674) / (Record no. 15352)

MARC details
000 -LEADER
campo de control de longitud fija 01243nam a22003135i 4500
001 - NÚMERO DE CONTROL
campo de control 15352
003 - IDENTIFICADOR DE NÚMERO DE CONTROL
campo de control ES-MaACL
005 - FECHA Y HORA DE LA ÚLTIMA TRANSACCIÓN
campo de control 20250731005351.0
007 - CAMPO FIJO DE DESCRIPCIÓN FÍSICA--INFORMACIÓN GENERAL
campo de control de longitud fija t|
008 - DATOS DE LONGITUD FIJA--INFORMACIÓN GENERAL
campo de control de longitud fija 000215m19901993sp ||||0| spa
020 ## - NÚMERO INTERNACIONAL ESTÁNDAR DEL LIBRO
Número Internacional Estándar del Libro 84-85290-97-6
080 ## - NÚMERO DE LA CLASIFICACIÓN DECIMAL UNIVERSAL
Número de la Clasificación Decimal Universal 929 Pötting, Francisco Eusebio de
080 ## - NÚMERO DE LA CLASIFICACIÓN DECIMAL UNIVERSAL
Número de la Clasificación Decimal Universal 327(460:430)"16"
080 ## - NÚMERO DE LA CLASIFICACIÓN DECIMAL UNIVERSAL
Número de la Clasificación Decimal Universal 327(430:460)"16"
100 1# - ENTRADA PRINCIPAL--NOMBRE DE PERSONA
Nombre de persona Pötting, Francisco Eusebio de.
9 (RLIN) 93401
245 10 - MENCIÓN DEL TÍTULO
Título Diario del conde de Pötting, embajador del Sacro Imperio en Madrid (1664-1674) /
Mención de responsabilidad, etc. edición de Miguel Nieto Nuño.
260 ## - PUBLICACIÓN, DISTRIBUCIÓN, ETC.
Lugar de publicación, distribución, etc. Madrid :
Nombre del editor, distribuidor, etc. Ministerio de Asuntos Exteriores, Centro de Documentación y Publicaciones,
Fecha de publicación, distribución, etc. 1990-1993.
300 ## - DESCRIPCIÓN FÍSICA
Extensión 2 v. ;
Dimensiones 23 cm.
490 1# - MENCIÓN DE SERIE
Mención de serie Biblioteca diplomática española.
-- Fuentes ;
Designación de volumen o secuencia 1
500 ## - NOTA GENERAL
Nota general Índices.
600 14 - PUNTO DE ACCESO ADICIONAL DE MATERIA--NOMBRE DE PERSONA
Nombre de persona Pötting, Francisco Eusebio de.
9 (RLIN) 93401
651 #4 - PUNTO DE ACCESO ADICIONAL DE MATERIA--NOMBRE GEOGRÁFICO
Nombre geográfico España-
Subdivisión general Relaciones-
Subdivisión geográfica Sacro Imperio Romano Germánico.
9 (RLIN) 171069
651 #4 - PUNTO DE ACCESO ADICIONAL DE MATERIA--NOMBRE GEOGRÁFICO
Nombre geográfico Sacro Imperio Romano Germánico-
Subdivisión general Relaciones-
Subdivisión geográfica España.
9 (RLIN) 171070
700 1# - ENTRADA AGREGADA--NOMBRE PERSONAL
Nombre de persona Nieto Nuño, Miguel.
9 (RLIN) 85703
710 1# - ENTRADA AGREGADA--NOMBRE DE ENTIDAD CORPORATIVA
Nombre de entidad corporativa o nombre de jurisdicción como elemento de entrada España.
Unidad subordinada Ministerio de Asuntos Exteriores.
9 (RLIN) 3845
830 10 - PUNTO DE ACCESO ADICIONAL DE SERIE-TÍTULO UNIFORME
Título uniforme Biblioteca diplomática española.
Nombre de parte o sección de la obra Fuentes
Designación de volumen o secuencia 1
9 (RLIN) 179818
852 ## - LOCALIZACIÓN
Ubicación ES-MaACL
Número de control de estantería L-22635-36
Holdings
Estatus retirado Estado de pérdida Estado de daño No para préstamo Biblioteca de origen Biblioteca actual Ubicación en estantería Fecha de adquisición Fuente de adquisición Total de préstamos Signatura topográfica completa Código de barras Visto por última vez Precio de reemplazo Tipo de ítem Koha
        Biblioteca del Ateneo de Madrid Biblioteca del Ateneo de Madrid Depósito 2 17/01/2008     L-22635-36 1015609 23/02/2023 23/02/2023 Libro impreso